Safetea - LU NHTSA Highway Safety Programs / (Record no. 2275)

000 -LEADER
fixed length control field 00220 a2200085 4500
082 ## - DEWEY DECIMAL CLASSIFICATION NUMBER
Classification number 363.125 NHT
245 ## - TITLE STATEMENT
Title Safetea - LU NHTSA Highway Safety Programs /
Statement of responsibility, etc. NHTSA
260 ## - PUBLICATION, DISTRIBUTION, ETC.
Name of publisher, distributor, etc. NHTSA
300 ## - PHYSICAL DESCRIPTION
Extent various Pages
Other physical details ill. ;
Dimensions 25 cm
650 ## - SUBJECT ADDED ENTRY--TOPICAL TERM
Topical term or geographic name entry element Highway safety
Holdings
Withdrawn status Lost status Damaged status Not for loan Permanent Location Current Location Shelving location Date acquired Total Checkouts Full call number Barcode Date last seen Price effective from Koha item type
        School of Civil and Environmental Engineering (SCEE) School of Civil and Environmental Engineering (SCEE)       363.125 NHT NIT-1992 01/05/2017 01/05/2017 Book
© 2023 Central Library, National University of Sciences and Technology. All Rights Reserved.